Marketing of Consumer Financial Products: Insights From Service Marketing (Record no. 43581)

MARC details
000 -LEADER
fixed length control field 00511nam a22001697a 4500
005 - DATE AND TIME OF LATEST TRANSACTION
control field 20250416171727.0
008 - FIXED-LENGTH DATA ELEMENTS--GENERAL INFORMATION
fixed length control field 250405b |||||||| |||| 00| 0 eng d
020 ## - INTERNATIONAL STANDARD BOOK NUMBER
International Standard Book Number 9781637424308
041 ## - LANGUAGE CODE
Language code of text/sound track or separate title eng
082 ## - DEWEY DECIMAL CLASSIFICATION NUMBER
Classification number 658.812 SRI
100 ## - MAIN ENTRY--PERSONAL NAME
Author Srivastava, Ritu
245 ## - TITLE STATEMENT
Title Marketing of Consumer Financial Products: Insights From Service Marketing
260 ## - PUBLICATION, DISTRIBUTION, ETC.
Place New York
Publisher Business Expert Press
Publication Year 2023
300 ## - PHYSICAL DESCRIPTION
Extent 131; . pages 23 cm
650 ## - SUBJECT ADDED ENTRY--TOPICAL TERM
Subject Customer Relation Management; Business Strategy
942 ## - ADDED ENTRY ELEMENTS (KOHA)
Koha item type Books
Holdings
Withdrawn status Lost status Source of classification or shelving scheme Damaged status Not for loan Home library Current library Shelving location Accession Date Vendor Price Bill number Total Checkouts Full call number Barcode No Date last seen Date last checked out Discount Bill Date Koha item type Suggested By
    Dewey Decimal Classification     IMTN IMTN Rack 37-A 03/28/2025 Raghav Book Private Limited 2600.40 2374 1 658.812 SRI 33901 07/16/2025 07/02/2025 33 02/14/2025 Books Matul Shrivastava (2024030)
Designed & Maintained by: LRC IMT Nagpur Contact: lrc@imtnag.ac.in© 2024. All Rights Reserved.